| 000 | 00496nam a2200169Ia 4500 | ||
|---|---|---|---|
| 003 | LK-CoDNM | ||
| 005 | 20240726112656.0 | ||
| 008 | 010623t1923 xxu||||| |||| 00| 1 eng d | ||
| 040 |
_aLK-CoDNM _dLK-CoDNM _eLK-CoDNM |
||
| 041 | _aeng | ||
| 080 |
_a14 _bBB11 |
||
| 100 | _aCoomaraswamy,Ananda K. | ||
| 245 | _aCatalogue of the Indian Collections in the Museum of Fine Arts,Boston | ||
| 260 |
_bHarvard University Press _aCambridge _c1923 |
||
| 300 | _blxxxvi , 236p. : ill ; 29 cm | ||
| 942 | _cBK | ||
| 999 |
_c91456 _d91456 |
||